000 00463nam a2200193Ia 4500
005 20250423100656.0
008 250422s9999 xx 000 0 und d
020 _a1-57231-695-0
050 _aQA 76.73.B3 .P77/
100 _aJeff Prosise
245 0 _aProgramming Windows With MFC
250 _a2nd ed.
260 _aRedmond, Washington
260 _bMicrosoft Press
260 _c1999
300 _a1337 p
650 _aComputer Science
942 _cBK
999 _c34024
_d34024